000 00517nam a2200169Ia 4500
008 230917s9999||||xx |||||||||||||| ||und||
020 _cGBP29.99
040 _e251621
_aMAIN
041 _aEnglish
082 _a615.19 L829B
100 _aLoging, William T, ed.
245 0 _aBioinformatics and computational biology in drug discovery and development
260 _aCambridge
_bCambridge University Press
_c2016
300 _axi, 233 p.
500 _a3327 27/11/2018 HBD18/7568 10/12/2018 Main Budget
942 _cBK
999 _c28996
_d28996